[Event "DEN-ch Kort 1-1"]
[Site "Svendborg"]
[Date "2019.04.15"]
[Round "5"]
[White "Oehlerich, Per"]
[Black "Christensen, Anders"]
[Result "1/2-1/2"]
[WhiteElo "1933"]
[BlackElo "1918"]
[PlyCount "90"]
[EventDate "2019.04.13"]
[EventType "swiss"]
[EventRounds "5"]
[EventCountry "DEN"]
[SourceTitle "EXT 2020"]
[Source "ChessBase"]
[SourceDate "2019.10.17"]
[SourceVersion "1"]
[SourceVersionDate "2019.10.17"]
[SourceQuality "1"]

1. e4 c5 2. c3 Nf6 3. e5 Nd5 4. Bc4 Nb6 5. Bb3 Nc6 6. Nf3 e6 7. d4 d6 8. exd6 Qxd6 9. Be3 c4 10. Bc2 Nd5 11. 0-0 Qc7 12. Nbd2 Nb6 13. Qe2 Na5 14. g3 Bd6 15. Ne4 Nd5 16. Nxd6+ Qxd6 17. b4 cxb3 18. axb3 Nc6 19. Bd2 Bd7 20. b4 Nce7 21. c4 Nf6 22. Rfb1 0-0 23. Bf4 Qb6 24. Bg5 Ng6 25. Ne5 Be8 26. Be3 Qc7 27. Nxg6 hxg6 28. Bf4 Qd8 29. Rd1 a6 30. Bg5 Bc6 31. Ra3 Qb6 32. Bxf6 gxf6 33. Qd2 Kg7 34. c5 Qc7 35. Ba4 Bd5 36. Bb3 Rad8 37. Bxd5 Rxd5 38. Rd3 Rh8 39. Kg2 Qc6 40. f3 Rhd8 41. Qc3 Qb5 42. R3d2 Qd7 43. Qc4 Rh8 44. Kg1 Qc6 45. Qc3 Rhd8 1/2-1/2

[Event "DEN-ch Kort 1-1"]
[Site "Svendborg"]
[Date "2018.03.26"]
[Round "5"]
[White "Nielsen, Jorgen Holmstrom"]
[Black "Christensen, Anders"]
[Result "0-1"]
[WhiteElo "1778"]
[BlackElo "1937"]
[PlyCount "80"]
[EventDate "2018.03.24"]
[EventType "swiss"]
[EventRounds "5"]
[EventCountry "DEN"]
[SourceTitle "EXT 2019"]
[Source "ChessBase"]
[SourceDate "2018.10.10"]
[SourceVersion "1"]
[SourceVersionDate "2018.10.10"]
[SourceQuality "1"]

1. Nc3 d5 2. e4 e6 3. Nf3 Nf6 4. e5 Nfd7 5. Ne2 c5 6. Ng3 Nc6 7. Bb5 Qc7 8. Qe2 a6 9. Bxc6 Qxc6 10. 0-0 b6 11. d3 Bb7 12. d4 cxd4 13. Nxd4 Qc7 14. f4 Bc5 15. Be3 0-0-0 16. c3 Kb8 17. b4 Bxd4 18. Bxd4 g6 19. Rfc1 Rc8 20. a4 h5 21. a5 b5 22. Qe3 h4 23. Ne2 Rcg8 24. Bc5 Nxc5 25. bxc5 Rc8 26. Rd1 Qxc5 27. Qxc5 Rxc5 28. Rd3 Rh5 29. Nd4 Rc7 30. Rh3 Rc4 31. Ne2 Bc6 32. Kf2 g5 33. fxg5 Rxg5 34. Nd4 Rxe5 35. Rd1 Re4 36. Rdd3 Bb7 37. Nf3 Ra4 38. Ng5 Rf4+ 39. Ke3 f6 40. Rd4 fxg5 0-1

[Event "Varde Weekend Mester"]
[Site "Varde"]
[Date "2017.05.06"]
[Round "2"]
[White "Christensen, Anders"]
[Black "Jensen, Poul Grydholt"]
[Result "0-1"]
[WhiteElo "1962"]
[BlackElo "2012"]
[PlyCount "116"]
[EventDate "2017.05.05"]
[EventType "tourn"]
[EventRounds "5"]
[EventCountry "DEN"]
[SourceTitle "EXT 2023"]
[Source "ChessBase"]
[SourceDate "2022.10.05"]
[SourceVersion "1"]
[SourceVersionDate "2022.10.05"]
[SourceQuality "1"]

1. e4 e5 2. Nf3 Nc6 3. Bb5 Bc5 4. 0-0 d6 5. d4 exd4 6. Nxd4 Bd7 7. c3 Qf6 8. Bxc6 bxc6 9. Be3 Qg6 10. Nd2 Nf6 11. f3 0-0 12. Nc4 Rfe8 13. b4 Bb6 14. Qd2 d5 15. Nxb6 cxb6 16. exd5 Nxd5 17. Rae1 Nxe3 18. Rxe3 Rxe3 19. Qxe3 Re8 20. Qd2 c5 21. Nc2 Bb5 22. Re1 Rxe1+ 23. Nxe1 h6 24. Kf2 Qf6 25. g3 Qe6 26. Kg2 Qc4 27. Kh3 Qf1+ 28. Kg4 Bc4 29. a3 Be6+ 30. Kf4 Qg1 31. Qd8+ Kh7 32. Qd3+ f5 33. Qe2 Bc8 34. Ke5 cxb4 35. axb4 b5 36. Nd3 Qb6 37. Nc5 Qf6+ 38. Kd5 Qxc3 39. Qxb5 Qxf3+ 40. Kd6 f4 41. Qd3+ Qxd3+ 42. Nxd3 f3 43. Kc7 Ba6 44. Nf2 Be2 45. Kb7 a6 46. Kc6 Kg6 47. Kd5 Kf5 48. Kd4 Ke6 49. Ne4 g5 50. g4 Bb5 51. Ke3 Kd5 52. Nd2 Be2 53. Ne4 Kc4 54. Nf6 Kxb4 55. Ng8 a5 56. Nxh6 a4 57. Nf5 a3 58. Nd4 Kc3 0-1

[Event "Varde Weekend-A"]
[Site "Varde"]
[Date "2016.04.29"]
[Round "1"]
[White "Rasmussen, Bjarne Meldgaard"]
[Black "Christensen, Anders"]
[Result "1-0"]
[WhiteElo "1985"]
[BlackElo "1967"]
[PlyCount "103"]
[EventDate "2016.04.29"]
[EventType "tourn"]
[EventRounds "5"]
[EventCountry "DEN"]
[SourceTitle "EXT 2018"]
[Source "ChessBase"]
[SourceDate "2017.10.13"]
[SourceVersion "1"]
[SourceVersionDate "2017.10.13"]
[SourceQuality "1"]

1. d4 Nf6 2. c4 e6 3. Nf3 b6 4. e3 Bb7 5. Be2 Be7 6. Nc3 d5 7. cxd5 exd5 8. 0-0 0-0 9. b3 Nbd7 10. Bb2 Ne4 11. Rc1 Nxc3 12. Rxc3 Bf6 13. Rc2 c5 14. Ba3 Be7 15. Qc1 Rc8 16. Bb5 Bc6 17. Ba6 Rc7 18. dxc5 bxc5 19. Bb2 Bd6 20. Ba3 Be7 21. Rd1 Qa8 22. Nd4 Rb8 23. Nxc6 Qxc6 24. Be2 Qe6 25. Bf3 Nb6 26. Bxc5 Rbc8 27. b4 Bd6 28. Rdd2 Qf5 29. Qd1 Rd8 30. e4 Qe5 31. Bxd6 Qxd6 32. Rxc7 Qxc7 33. exd5 Qc4 34. a3 Qc3 35. Rd3 Qb2 36. g3 Nc4 37. Rb3 Qf6 38. Kg2 h6 39. Qd3 Ne5 40. Qe4 Qd6 41. Rc3 Nxf3 42. Qxf3 Qxd5 43. Qxd5 Rxd5 44. Rc8+ Kh7 45. Rc7 a5 46. Rxf7 axb4 47. axb4 Rb5 48. Rf4 g5 49. Rc4 Kg6 50. Kf3 h5 51. h3 Kf6 52. Ke3 1-0

[Event "DEN-ch1A"]
[Site "Helsingor"]
[Date "2013.03.24"]
[Round "2"]
[White "Christensen, Anders"]
[Black "Pedersen, Martin Rosenkilde"]
[Result "1/2-1/2"]
[WhiteElo "1962"]
[BlackElo "2173"]
[PlyCount "91"]
[EventDate "2013.03.23"]
[EventType "swiss"]
[EventRounds "5"]
[EventCountry "DEN"]
[SourceTitle "EXT 2014"]
[Source "ChessBase"]
[SourceDate "2013.11.20"]
[SourceVersion "1"]
[SourceVersionDate "2013.11.20"]
[SourceQuality "1"]

1. Nf3 f5 2. d4 Nf6 3. c4 g6 4. Nc3 d6 5. g3 Bg7 6. Bg2 0-0 7. 0-0 Qe8 8. Re1 Qf7 9. b3 Ne4 10. Bb2 Nc6 11. Rf1 Nxc3 12. Bxc3 h6 13. e3 e5 14. dxe5 dxe5 15. Qc2 e4 16. Nd2 Ne5 17. Bxe5 Bxe5 18. Rad1 Qe7 19. Rfe1 g5 20. f3 exf3 21. Nxf3 Bg7 22. Kh1 Bd7 23. Nd4 c6 24. Re2 Rad8 25. Rf1 Qc5 26. Nf3 Bc8 27. Rd1 Rxd1+ 28. Qxd1 Re8 29. Qd2 Qe7 30. Re1 Rd8 31. Qc2 Qb4 32. Rd1 Qe7 33. Re1 Qb4 34. Rd1 Rxd1+ 35. Qxd1 Qe7 36. Qd2 Qd7 37. Qxd7 Bxd7 38. Kg1 c5 39. Kf2 Kf7 40. Ke2 Bc6 41. Ne1 Be4 42. Bxe4 fxe4 43. g4 Ke6 44. h3 Kd6 45. Nc2 Bb2 46. Kd2 1/2-1/2

[Event "Politiken Cup 32nd"]
[Site "Copenhagen"]
[Date "2010.08.07"]
[Round "9"]
[White "Nielsen, Jan Mose"]
[Black "Christensen, Anders"]
[Result "1/2-1/2"]
[WhiteElo "2120"]
[BlackElo "1971"]
[PlyCount "101"]
[EventDate "2010.07.31"]
[EventType "swiss"]
[EventRounds "10"]
[EventCountry "DEN"]
[SourceTitle "CBM 137 Extra"]
[Source "ChessBase"]
[SourceDate "2010.09.01"]
[SourceVersion "1"]
[SourceVersionDate "2010.09.01"]
[SourceQuality "1"]

1. e4 c5 2. Nf3 e6 3. d4 cxd4 4. Nxd4 Nf6 5. Nc3 d6 6. Be3 a6 7. Be2 Be7 8. Qd2 Bd7 9. g4 Nc6 10. Nb3 b5 11. a3 Qc7 12. f4 Bc8 13. Bf3 Bb7 14. h4 Nd7 15. Qf2 Rc8 16. g5 Nc5 17. Nxc5 dxc5 18. Ne2 Qa5+ 19. c3 b4 20. 0-0 bxc3 21. Nxc3 Nd4 22. Bg2 0-0 23. Kh1 Nb3 24. Rad1 Rcd8 25. Qc2 c4 26. Ne2 Qb5 27. Nd4 Nxd4 28. Bxd4 Rd7 29. Bc3 Rfd8 30. Rxd7 Rxd7 31. a4 Qb6 32. Rd1 Rxd1+ 33. Qxd1 Bc6 34. a5 Qf2 35. Qd4 Qxd4 36. Bxd4 Bb4 37. Bc3 Bxc3 38. bxc3 Kf8 39. Kg1 Ke7 40. Kf2 e5 41. Bf1 Bb5 42. Ke3 Kd6 43. f5 Kc5 44. h5 f6 45. h6 gxh6 46. gxh6 Be8 47. Be2 Bf7 48. Kd2 Kb5 49. Kc2 Kxa5 50. Kb2 Kb5 51. Ka3 1/2-1/2

[Event "Politiken Cup 32nd"]
[Site "Copenhagen"]
[Date "2010.08.05"]
[Round "7"]
[White "Wimo, Jorgen"]
[Black "Christensen, Anders"]
[Result "0-1"]
[WhiteElo "1807"]
[BlackElo "1971"]
[PlyCount "74"]
[EventDate "2010.07.31"]
[EventType "swiss"]
[EventRounds "10"]
[EventCountry "DEN"]
[SourceTitle "CBM 137 Extra"]
[Source "ChessBase"]
[SourceDate "2010.09.01"]
[SourceVersion "1"]
[SourceVersionDate "2010.09.01"]
[SourceQuality "1"]

1. e4 d6 2. d4 Nf6 3. Nc3 g6 4. Nf3 Bg7 5. Bc4 0-0 6. 0-0 c6 7. e5 Ng4 8. h3 Nh6 9. Bg5 d5 10. Bd3 Kh8 11. Qd2 Ng8 12. Rae1 b6 13. Ne2 c5 14. c3 f6 15. exf6 exf6 16. Bf4 Nc6 17. h4 Bg4 18. dxc5 Bxf3 19. gxf3 bxc5 20. Bb5 Ne5 21. Bxe5 fxe5 22. Kg2 Bh6 23. Qd1 Rb8 24. c4 Rb6 25. Nc3 e4 26. Qxd5 exf3+ 27. Kh3 Rd6 28. Qe5+ Bg7 29. Qxc5 Rf4 30. Qg5 Qc8+ 31. Kg3 Rf5 32. Qe3 Be5+ 33. Qxe5+ Rxe5 34. Rxe5 Nf6 35. Kxf3 Qg4+ 36. Ke3 Qd4+ 37. Kf3 Qxe5 0-1